000 00861cam a22002415a 4500
020 _a9781479909261
020 _a1479909262
020 _a9781479909278
020 _a1479909270
040 _cDLC
082 _a641 IEE 2013 A054 Or.
245 0 0 _a2013 International Conference on Process Control (PC 2013)
_bŠtrbské Pleso, Slovakia, 18-21 June 2013
246 1 _aProceedings of the 2013 International Conference on Process Control (PC)
260 3 _aPiscataway, NJ
_bIEEE
_c2013
300 _a545 S.
_bIll., graph. Darst
500 _aLiteraturangaben
700 1 _aFikar, M.
710 2 _aInstitute of Electrical and Electronics Engineers
710 2 _aInstitute of Electrical and Electronics Engineers
710 2 _aSlovenská technická univerzita v Bratislave
856 4 1 _uhttp://www.gbv.de/dms/tib-ub-hannover/823910350.pdf
942 _cEK
999 _c15458
_d15458